000
00288nam a2200121Ia 4500
008
190216s9999||||xx |||||||||||||| ||und||
100
_a
Thiruvenkatachari K
245
0
_a
Indian Economic Development
260
_b
Agasthigr Book
_c
1978
300
_a
604p
650
_a
Commerce
942
_c
BK
999
_c
4576
_d
4576